| 000 | 00703cam a22002291 4500 | ||
|---|---|---|---|
| 001 | sa 67003238 | ||
| 003 | DLC | ||
| 005 | 20260227112337.0 | ||
| 008 | 940401s1966 ii 000 0 marr | ||
| 010 | _asa 67003238 | ||
| 035 | _a(OCoLC)30064637 | ||
| 040 |
_aDLC _cNRU _dDLC |
||
| 042 | _apremarc | ||
| 050 | 0 | 0 |
_aJQ283 _b.T43 1966 |
| 100 | 1 |
_aThatte, Yadunath Dattatray, _d1922- |
|
| 245 | 1 | 0 |
_aĀpalā māna, āpalā abhimāna. _c[Lekhaka] Yadunātha Thatte. |
| 250 | _a[Dvitīyāvr̥ttī. | ||
| 260 |
_aPuṇe, _bṬhokaḷa Prakāśana; _aekameva vikrete: _bŚrī Lekhana Vācana Bhāṇḍāra, _c1966] |
||
| 300 |
_a140 p. _c19 cm. |
||
| 500 | _aIn Marathi. | ||
| 650 | 0 | _aCivics, East Indian. | |
| 999 |
_c73726 _d73726 |
||